Países que formaban parte de Yugoslavia - Estadísticas

Estadísticas generales
  • Esta prueba ha sido intentada 8.298 veces
    8.289 desde el último reinicio
  • La puntuación promedio es 7 de 7
Estadísticas de respuestas
País % Correcto
Croacia
96%
Serbia
96%
Bosnia y Herzegovina
93%
Kosovo
93%
Montenegro
93%
Eslovenia
90%
Macedonia del Norte
90%
No se encontraron pruebas coincidentes
Distribución de puntuación
Porcentaje de gente con cada puntuación
Porcentaje por número respondido
Historial de tus puntuaciones
No has intentado esta prueba desde el último reinicio